书目信息 |
| 题名: |
十七世纪俄蒙通使关系
|
|
| 作者: | 沙斯季娜 著 ;北京师范大学外语系七三级工农兵学员教师 译 | |
| 分册: | ||
| 出版信息: | 北京 商务印书馆 1977 |
|
| 页数: | 188页 | |
| 开本: | 20cm | |
| 丛书名: | ||
| 单 册: | ||
| 中图分类: | K512.33 | |
| 科图分类: | ||
| 主题词: | 东欧--历史 , 中欧--历史 | |
| 电子资源: | ||
| ISBN: | ||
| 000 | 00853nam0 2200217 450 | |
| 001 | 0655625156 | |
| 005 | 20060819153020.20 | |
| 010 | @dCNY0.60 | |
| 100 | @a20060819d1977 km y0chiy0120 ea | |
| 101 | 0 | @achi |
| 102 | @aCN@b110000 | |
| 200 | 1 | @a十七世纪俄蒙通使关系@Ashi qi shi ji e meng tong shi guan xi@f(苏)н·п·沙斯季娜著@F(su)н·п·sha si ji na zhu@g北京师范大学外语系七三级工农兵学员教师译@Gbei jing shi fan da xue wai yu xi qi san ji gong nong bing xue yuan jiao shi yi |
| 210 | @a北京@c商务印书馆@d1977 | |
| 215 | @a188页@d20cm | |
| 606 | 0 | @a东欧@x历史 |
| 606 | 0 | @a中欧@x历史 |
| 690 | @aK512.33@v3 | |
| 701 | 0 | @a沙斯季娜@Asha si ji na@4著 |
| 711 | 0 | @a北京师范大学外语系七三级工农兵学员教师@Abei jing shi fan da xue wai yu xi qi san ji gong nong bing xue yuan jiao shi@4译 |
| 801 | 0 | @aCN@bPFT@c20060819 |
| 905 | @a10447@dK512.33@e40 | |
| 十七世纪俄蒙通使关系/(苏)н·п·沙斯季娜著/北京师范大学外语系七三级工农兵学员教师译.-北京:商务印书馆,1977 |
| 188页;20cm |
| ISBN :CNY0.60 |
| ● |
| 相关链接 |
|
|
|
|
正题名:十七世纪俄蒙通使关系
索取号:K512.33/40
 
预约/预借
| 序号 | 登录号 | 条形码 | 馆藏地/架位号 | 状态 | 备注 |
| 1 | 0466925 | 204669251 | 密集书库/ [索取号:K512.33/40] | 在馆 |